000 01260nam a2200313 i 4500
001 000038956
003 DO-SdBNP
005 20251022112934.0
007 ta
008 130508s2000 dr 000 0 spa d
040 _aDO-SdBNP
_bspa
_cBNPHU
_erda
041 _aspa
082 4 _a305.42
_bC753c
_222
245 0 0 _aConocer el Caribe :
_buna mirada desde las mujeres /
_ceditor, Sobeida de Jesús Cedano.
264 1 _aSanto Domingo :
_bIniciativa Caribeña de Género,
_c2000.
300 _a142 páginas ;
_c22 cm.
336 _atexto
_btxt
_2rdacontent
337 _asin mediación
_bn
_2rdamedia
338 _avolumen
_bnc
_2rdacarrier
500 _aIncluye referencias bibliográficas y notas al pie de las páginas.
590 _aInventariado, 2018/BT
650 4 _aMujeres caribeñas
_965214
_vEnsayos, conferencias, etc.
650 4 _aMujeres
_xCuestiones sociales y morales
_zCaribe (Región)
_965216
_vEnsayos, conferencias, etc.
651 4 _aCaribe (Región)
_xCondiciones económicas
_987401
_vEnsayos, conferencias, etc.
651 0 _aCaribe (Región)
_xCondiciones sociales
_987401
_vEnsayos, conferencias, etc.
700 1 _aCedano, Sobeida de Jesús,
_eeditor
_4ed.
_965218
910 _aValidado. Control de calidad. MMOLINA
942 _2ddc
_cLBS1
999 _c38446
_d38446